| 000 | 01639nam a22004577a 4500 | ||
|---|---|---|---|
| 001 | 000096104 | ||
| 003 | CHAP | ||
| 005 | 20250214094307.0 | ||
| 008 | 060825d2006 mx r 00110 spa d | ||
| 010 | _a92570 | ||
| 011 | _a93542 | ||
| 035 | _a104118 | ||
| 040 | _cCHAP | ||
| 090 | _aTesis | ||
| 100 | 1 |
_aCano Montiel, Ángel Antonio _918414 |
|
| 245 | 1 | 3 |
_aLa leche y sus derivados en el marco normativo mexicano / _c/por Angel Antonio Cano Montiel. |
| 260 |
_aChapingo, Méx. : _bEl autor, _c2006. |
||
| 300 |
_a122 h. : _bilus. |
||
| 502 | _aTesis (Ing. Agroindustrial) -- UACH. Departamento de Ingeniería Agroindustrial | ||
| 590 |
_aALEPH _b10 _c20130110 _lUCH01 _h1513 |
||
| 590 |
_aBATCH-UPD _b10 _c20130110 _lUCH01 _h0946 |
||
| 590 |
_aBATCH-UPD _b10 _c20130410 _lUCH01 _h0601 |
||
| 590 |
_aBATCH-UPD _b10 _c20130914 _lUCH01 _h1717 |
||
| 590 |
_aBATCH-UPD _b10 _c20140324 _lUCH01 _h1458 |
||
| 590 |
_aBATCH-UPD _b10 _c20141002 _lUCH01 _h0831 |
||
| 590 |
_aBATCH _b00 _c20181121 _lUCH01 _h0759 |
||
| 590 |
_aCONVERSION _b10 _c20130109 _lUCH01 _h1351 |
||
| 590 |
_aE5765TAJ _b10 _c20130530 _lUCH01 _h1317 |
||
| 590 |
_aE5765TAJ _b10 _c20130704 _lUCH01 _h1136 |
||
| 650 | 1 | 4 |
_aLeche _xCalidad. _965362 |
| 650 | 1 | 4 |
_aLeche _xSubproductos. _965410 |
| 650 | 1 | 4 |
_aProductos lácteos. _992124 |
| 856 |
_3Finding aid _uhttp://10.13.5.2/tesis/104118.pdf _zTeclea aquí |
||
| 856 |
_a1 _n0001243 |
||
| 901 | _aBK | ||
| 905 | _aAlejandra Carrasco M. | ||
| 942 | _cCD | ||
| 942 | _n0 | ||
| 949 |
_aTesis _bBC _cTES _d00000001041181 _eTS1 _gDonaciØn _h45589 _i104118 _sb |
||
| 949 |
_aTesis _bBC _cTES _d33724000992681 _eTS2 _fc.2 _gDonaciØn _h45590 _i104118 _sb |
||
| 999 |
_c92570 _d92570 |
||